Gaming Quiz

Random Gaming or Pokémon Quiz

Pokemon Hold Items Quiz Stats

 Plays Quiz not verified by Sporcle

Score 0/17 Timer 05:00
0 Plays Today
Pokemon Hold Item % Correct
PorygonUp-Grade
91.4%
PikachuLight Ball
88.2%
SeadraDragon Scale
84.9%
Farfetch'dStick
83.9%
ClampearlDeepSeaScale/DeepSeaTooth
82.8%
MagmarMagmarizer
82.8%
Porygon 2Dubious Disc
82.8%
DusclopsReaper Cloth
80.6%
DialgaAdamant Orb
77.4%
Pokemon Hold Item % Correct
Rhydon Protector
77.4%
Latios/LatiasSoul Dew
74.2%
ChanseyLucky Punch
68.8%
ElectabuzzElectrizer
68.8%
GiratinaGriseous Orb
67.7%
PalkiaLustrous Orb
65.6%
Cubone/MarowakThick Club
65.6%
DittoMetal Powder/Quick Powder
62.4%

You're not logged in!

Compare scores with friends on all Sporcle quizzes.
OR
Log In

Show Comments

Extras

Created Oct 25, 2010SourceReportNominate
Tags:Pokémon Quiz, hold, item

Top Quizzes Today


Score Distribution

Your Account Isn't Verified!

In order to create a playlist on Sporcle, you need to verify the email address you used during registration. Go to your Sporcle Settings to finish the process.

Report this User

Report this user for behavior that violates our Community Guidelines.

Details: